Statystyki dla Kto to wynalazł?

Kliknij tutaj aby rozwiązać quiz!

Ogólne statystyki

  • Ten quiz został rozwiązany 172 razy
  • Średni wynik to 5 z 10

Statystyki odpowiedzi

WynalazekNazwisko% Poprawnych
2.ŻarówkaThomas Edison
93%
9.DynamitAlfred Nobel
82%
1.TelefonAlexander Bell
81%
4.Samolotbracia Wright
67%
6.Lampa naftowaIgnacy Łukasiewicz
51%
5.PenicylynaAlexander Fleming
32%
3.RadioGuglielmo Marconi
31%
10.Kinematografbracia Lumiere
28%
7.WitaminyKazimierz Funk
15%
8.Ogniwo/Bateria elektrycznaAlessandro Volta
9%

Rozkład punktacji

Percentyl według liczby udzielonych odpowiedzi

Procent ludzi z każdym wynikiem

Twoja historia wyników

Nie rozwiązałeś tego quizu